Słowa zakończona na -STWO - Statystyki

Ogólne statystyki
  • Ten quiz został rozwiązany 27 razy
  • Średni wynik to 4 z 29
Statystyki odpowiedzi
Odpowiedź % Poprawnych
państwo
88%
królestwo
44%
lenistwo
28%
bóstwo
24%
małżeństwo
24%
lekarstwo
20%
ubóstwo
20%
męstwo
16%
pierwszeństwo
12%
rodzeństwo
12%
dzieciństwo
8%
maleństwo
8%
mnóstwo
8%
przestępstwo
8%
szaleństwo
8%
zwycięstwo
8%
bezpieczeństwo
4%
morderstwo
4%
obywatelstwo
4%
podobieństwo
4%
przekleństwo
4%
rodzicielstwo
4%
wędkarstwo
4%
kłamstwo
0%
łyżwiarstwo
0%
myślistwo
0%
niebezpieczeństwo
0%
prawdopodobieństwo
0%
szefostwo
0%
Nie znaleziono quizów pasujących do podanych kryteriów
Rozkład punktacji
Procent ludzi z każdym wynikiem
Percentyl według liczby udzielonych odpowiedzi
Twoja historia wyników
Nie rozwiązałeś tego quizu